00457pam a2200145a 44500008004100000082001600041100003000057245008800087260003800175300000900213502000900222700000900231700006000240700001100300230405s2005 xxu||||| |||| 00| 0 eng d a618.92bWOR aWorld Health Organization aStudents Handbook for IMNCI Integrated Management of Neonatal and Childhood Illness abWorld Health Organisationc2005 a95 p atext aMUHS aMinistry of Health & Family Welfare Government of India aUNICEF